000 00514nam a2200217Ia 4500
003 OSt
005 20220918231714.0
006 a|||||r|||| 00| 0
007 ta
008 220917b |||||||| |||| 00| 0 eng d
024 _a348,490
037 _cTextual
040 _aARTS
_cARTS
_beng
041 _2eng
_aeng
082 _a2:51M76, qH2
245 0 _aDecimal clasification
260 _c1942
650 _aLIBRARY SCIENCE
942 _h2:51M76, qH2
_cTEXL
_2CC
999 _c292116
_d292116